000 00601nam a2200229Ia 4500
003 OSt
005 20221007064626.0
006 a|||||r|||| 00| 0
007 ta
008 221006b |||||||| |||| 00| 0 eng d
024 _a7,866
037 _cTextual
040 _aFLL
_cFLL
_beng
041 _2eng
_aeng
082 _aZ2,166, M6
100 _aDin Mata Au.
_9686049
245 0 _aProvincial insvolvency act, 1920
260 _aDelhi
_bKamlesh publications India
_c1986
300 _a375p
_ccm.
942 _hZ2,166, M6
_cTEXL
_2CC
999 _c1134741
_d1134741